000 00549nam a2200181Ia 4500
008 090123s9999 xx 000 0 und d
082 _b35128
100 _aदवणे प्रविण अनंत
245 _aसावर रे
250 _a1
260 _bनवचैतन्य प्रकाशन
_c2003
300 _a144
600 _aदवणे प्रविण अनंत
630 _aसावर रे
700 _aदवणे प्रविण अनंत
730 _aसावर रे
942 _cBOOK
999 _c73193
_d73193